[Event "WY GU16 2012"]
[Site "Maribor SLO"]
[Date "2012.11.12"]
[Round "5.2"]
[White "Saduakassova,D"]
[Black "Utiatskaja,Irina"]
[Result "1/2-1/2"]
[WhiteElo "2297"]
[BlackElo "2038"]

1.d4 Nf6 2.c4 e6 3.Nc3 Bb4 4.Qc2 O-O 5.a3 Bxc3+ 6.Qxc3 d6 7.Bg5 Nbd7 8.Nf3 c5
9.Rd1 Qc7 10.Qc2 Re8 11.e3 b6 12.Be2 Bb7 13.O-O Rac8 14.Bh4 a6 15.b3 h6 16.Qb2 e5
17.d5 Rb8 18.Nd2 Bc8 19.a4 Nh7 20.Bd3 Ndf6 21.Qc2 Bd7 22.Bg3 b5 23.axb5 axb5
24.f4 exf4 25.Bxf4 Ng5 26.h4 bxc4 27.Nxc4 Nge4 28.Bh2 Bg4 29.Ra1 Bh5 30.Rxf6 Nxf6
31.Bxd6 Qd7 32.Bf5 Qb5 33.Bxb8 Rxb8 34.d6 Bg4 35.Bd3 Qb7 36.e4 Be6 37.e5 Nd7
38.Be4 Qb5 39.Qc3 g6 40.Rb1 Kg7 41.Kh1 h5 42.Kh2 Kh7 43.Qf3 Bxc4 44.bxc4 Qxc4
45.Rxb8 Nxb8 46.Kg3 Qe6 47.Qf6 Qg4+ 48.Kh2 Qxe4 49.Qxf7+ Kh6 50.Qf8+ Kh7
51.Qe7+ Kh6 52.Qf6 Kh7 53.e6 Nc6 54.d7 Ne5 55.Qe7+ Kh6 56.Qg5+ Kh7 57.d8=Q Ng4+
58.Kg3 Qe1+ 59.Kf3 Qf1+ 60.Ke4 Qc4+  1/2-1/2

[Event "WY BU16 2012"]
[Site "Maribor SLO"]
[Date "2012.11.12"]
[Round "6.16"]
[White "Brown,Michael William"]
[Black "Liu,Yi"]
[Result "0-1"]
[WhiteElo "2276"]
[BlackElo "2152"]

1.d4 e6 2.c4 Nf6 3.Nc3 Bb4 4.Qc2 O-O 5.a3 Bxc3+ 6.Qxc3 b5 7.cxb5 c6 8.e3 cxb5
9.Bxb5 Ne4 10.Qb3 Qg5 11.Bf1 Nc6 12.Nf3 Qa5+ 13.Bd2 Rb8 14.Qxb8 Nxd2 15.b4 Nxf3+
16.gxf3 Qd5 17.Qb5 Qxf3 18.Rg1 Nxd4 19.Qd3 Nc6 20.Qc3 g6 21.Rg3 Qh1 22.O-O-O Qxh2
23.Bg2 Qh6 24.Rh3 Qg7 25.e4 e5 26.Bf1 Nd4 27.Qc7 d5 28.Rc3 dxe4 29.Kb2 Qf6
30.Rd2 a6 31.Re3 Qf4 32.Qc1 h5 33.Bg2 Bf5 34.Qc4 a5 35.b5 h4 36.Qd5 a4 37.b6 Rb8
38.Qd6 Rb7 39.Qb4 h3 40.Bh1 h2 41.Kb1 Qg5 42.Qa5 Qg1+ 43.Kb2 Rb8 44.Qxe5 Rxb6+
45.Kc3 Rb3+ 46.Kxd4 Qa1+  0-1

[Event "22nd World Seniors Open"]
[Site "Kamena Vourla GRE"]
[Date "2012.11.14"]
[Round "2.5"]
[White "Sharif,Me"]
[Black "Gamboa,A"]
[Result "1/2-1/2"]
[WhiteElo "2462"]
[BlackElo "2174"]

1.d4 Nf6 2.c4 e6 3.Nc3 Bb4 4.Qc2 O-O 5.a3 Bxc3+ 6.Qxc3 Ne4 7.Qc2 f5 8.Nh3 b6
9.f3 Nf6 10.e3 Bb7 11.Bd3 a5 12.b3 g6 13.O-O d5 14.Bb2 Nbd7 15.Rfe1 Re8 16.Rad1 Rc8
17.Qf2 Qe7 18.Qh4 Nh5 19.Qxe7 Rxe7 20.e4 Rce8 21.Bc1 fxe4 22.fxe4 dxe4 23.Bxe4 Bxe4
24.Rxe4 Nhf6 25.Re2 e5 26.Rde1 c5 27.d5 b5 28.cxb5 Nxd5 29.a4 c4 30.bxc4 Nc3
31.Re3 Nxa4 32.Nf2 Rc8 33.Ba3 Re6 34.Rc1 Nac5 35.Ne4 Nxe4 36.Rxe4 Rb6 37.Rd1 Rc7
38.Be7 Re6 39.Ba3 Nf6 40.Rd8+ Kf7 41.Re1 Rxc4 42.Ra8 a4 43.Ra7+ Kg8 44.Rb1 Nd5
45.Rd1 Rd4 46.Rc1 Re8 47.b6 Nxb6 48.Rcc7 Rh4 49.Be7 Rc4 50.Bc5 Nd7 51.Rxd7 Rxc5
52.Rg7+ Kh8 53.Rxh7+ Kg8 54.Rhg7+ Kh8 55.Rxg6 e4 56.Rh6+ Kg8 57.Rg6+ Kh8  1/2-1/2

[Event "WY BU14 2012"]
[Site "Maribor SLO"]
[Date "2012.11.14"]
[Round "7.10"]
[White "Bai,Jinshi"]
[Black "Chandran,Kapil"]
[Result "1-0"]
[WhiteElo "2288"]
[BlackElo "2096"]

1.d4 Nf6 2.c4 e6 3.Nc3 Bb4 4.Qc2 O-O 5.Nf3 c5 6.dxc5 Na6 7.c6 bxc6 8.e3 d5
9.a3 Bxc3+ 10.Qxc3 Ne4 11.Qc2 Qa5+ 12.Nd2 Nxd2 13.Bxd2 Qb6 14.Bd3 f5 15.b4 e5
16.O-O Nc7 17.cxd5 e4 18.Bc4 cxd5 19.Bb3 Bb7 20.Rfd1 Ne6 21.Qb2 Rae8 22.Qe5 Ng5
23.Qg3 Qh6 24.Bc3 Rd8 25.Qc7 Ba8 26.Qxa7 f4 27.exf4 Rxf4 28.Qe7 Rdf8 29.Bd2 Rg4
30.Bxg5 Rxg5 31.Qxe4 Kh8 32.Bxd5 Rxd5 33.Rxd5 Qf6 34.Ra2 Qc6 35.Qf3 Re8 36.Rd1 Qc4
37.Re2 Rc8 38.Qe3 h6 39.f3 Qa6 40.Red2  1-0

[Event "WY BU14 2012"]
[Site "Maribor SLO"]
[Date "2012.11.14"]
[Round "7.25"]
[White "Stremavicius,T"]
[Black "Sheykhhasani,B"]
[Result "0-1"]
[WhiteElo "2204"]
[BlackElo "2027"]

1.d4 Nf6 2.c4 e6 3.Nc3 Bb4 4.Qc2 O-O 5.Bg5 h6 6.Bh4 c5 7.e3 cxd4 8.exd4 Nc6
9.Nf3 g5 10.Bg3 d5 11.Rd1 Ne4 12.Bd3 f5 13.Be5 g4 14.Nd2 Nxd2 15.Qxd2 Nxe5
16.dxe5 Qc7 17.O-O dxc4 18.Be2 Rf7 19.Qd8+ Kg7 20.f4 a6 21.a4 Bxc3 22.bxc3 b5
23.h3 Qc5+ 24.Rd4 gxh3 25.Rf3 Bb7 26.Rg3+ Kh7 27.Qh4 Qe7 28.Qh5 Bxg2 29.Rg6 Qf8
30.Rxe6 Qg7 31.Rxh6+ Qxh6 32.Qxf7+ Kh8 33.Kh2 Rf8 34.Qe7 Be4 35.Qg5 Qxg5
36.fxg5 Re8 37.axb5 axb5 38.Kxh3 Rxe5 39.Kh4 Rd5 40.Rxd5 Bxd5 41.Kg3 Kg7
42.Kf4 Kg6 43.Bf1 Be4 44.Bh3 b4 45.cxb4 c3 46.Ke3 f4+ 47.Ke2 Kxg5 48.b5 Kh4
49.Bf1 Kg3 50.b6 f3+ 51.Ke3 c2 52.Kd2 f2 53.Ba6 Kh2 54.Bf1 Kg3 55.Ba6 Kf4
56.Be2 Ke5 57.b7 Bxb7 58.Kxc2 Kf4 59.Kd2 Kg3 60.Ke3 Kg2 61.Bd3 Kg1 62.Bc4 Bg2
63.Ba6 Bf1 64.Bc8 Bb5 65.Bh3 Bd7 66.Bxd7 f1=Q 67.Bg4 Qf2+ 68.Ke4 Kg2 69.Be6 Qg3
70.Bd5 Qe1+ 71.Kd3+ Kf2 72.Be4 Qe3+  0-1

[Event "WY BU16 2012"]
[Site "Maribor SLO"]
[Date "2012.11.15"]
[Round "8.23"]
[White "Koksal,E"]
[Black "Benidze,G"]
[Result "1-0"]
[WhiteElo "2182"]
[BlackElo "1965"]

1.d4 Nf6 2.c4 e6 3.Nc3 Bb4 4.Qc2 O-O 5.a3 Bxc3+ 6.Qxc3 b6 7.Bg5 Bb7 8.f3 d6
9.e3 c5 10.dxc5 bxc5 11.O-O-O d5 12.cxd5 exd5 13.Bxf6 Qxf6 14.Qxf6 gxf6 15.Bb5 Rd8
16.Nh3 Nc6 17.Bxc6 Bxc6 18.Nf4 f5 19.Rd2 d4 20.exd4 cxd4 21.Ne2 d3 22.Nc3 Rac8
23.Re1 Ba4 24.Re5 Bc2 25.Rf2 Rd6 26.Kd2 Rb8 27.b4 Ra6 28.Nb5 Ba4 29.Nd4 Bd7
30.Kxd3 Rxa3+ 31.Kc4 Ra4 32.Nc2 Ra2 33.Kb3 Ra6 34.Kc3 Be6 35.Rd2 Kg7 36.Rc5 Kf6
37.Re2 Rd8 38.Rd2 Rxd2 39.Kxd2 h5 40.h4 Rd6+ 41.Kc3 Rd1 42.Ra5 Rd7 43.Nd4 Rc7+
44.Kd3 Bc4+ 45.Ke3 Re7+ 46.Kf4 Bd3 47.Rd5 Rb7 48.Nc6 Rb6 49.Rd6+ Kg7 50.Kg5 f6+
51.Rxf6 Bb5 52.Rg6+ Kh7 53.Ne7  1-0

[Event "WY BU16 2012"]
[Site "Maribor SLO"]
[Date "2012.11.15"]
[Round "8.4"]
[White "Harutyunian,T"]
[Black "Alekseenko,K"]
[Result "1/2-1/2"]
[WhiteElo "2334"]
[BlackElo "2434"]

1.d4 Nf6 2.c4 e6 3.Nc3 Bb4 4.Qc2 O-O 5.a3 Bxc3+ 6.Qxc3 b6 7.f3 d6 8.Bg5 Bb7
9.e3 Nbd7 10.Bd3 c5 11.Ne2 Rc8 12.Qd2 h6 13.Bh4 cxd4 14.exd4 Ba6 15.b3 Re8
16.O-O d5 17.cxd5 Bxd3 18.Qxd3 g5 19.dxe6 Rxe6 20.Bf2 Nc5 21.Qd1 Nxb3 22.Rb1 Na5
23.Qd3 Nd5 24.Rbc1 Nc6 25.Rfe1 Nce7 26.h4 Rxc1 27.Rxc1 Ng6 28.Qa6 Re8 29.hxg5 Qxg5
30.Rc8 Rxc8 31.Qxc8+ Kg7 32.Ng3 Nge7 33.Qd7 a5 34.Ne4 Qc1+ 35.Kh2 Qc7+ 36.Qxc7 Nxc7
37.Nd6 Ned5 38.g4 b5 39.Be1 a4 40.Bd2 Kg6 41.f4 b4 42.axb4 a3 43.Bc1 a2 44.Bb2 Nxb4
45.f5+ Kg7 46.d5+ f6 47.Ne4 Ncxd5 48.g5 hxg5 49.Nxg5 Nc2 50.Ne4 Kf7 51.Kg3 Ke7
52.Kf3 a1=Q 53.Bxa1 Nxa1 54.Kg4 Nc2 55.Kh5 Nce3 56.Kg6 Nc4 57.Nxf6 Nxf6 58.Kg7 Nd6
59.Kh8 Nf7+ 60.Kg7 Ne8+ 61.Kg8 Nf6+ 62.Kg7 Ne8+ 63.Kg8 Nh6+ 64.Kh7 Ng4 65.Kg8 Kf6
66.Kf8 Nd6 67.Kg8 Ne5 68.Kf8 Nd7+ 69.Kg8 Ne5 70.Kf8 Nef7 71.Kg8 Ne8 72.Kf8 Nc7
73.Kg8 Nd5 74.Kf8 Nd6 75.Kg8 Nb6 76.Kf8 Nd7+ 77.Kg8 Ne4 78.Kh7 Ne5 79.Kg8 Nf7
80.Kf8 Nfd6 81.Kg8 Nc5 82.Kf8 Nd7+  1/2-1/2

[Event "WY BU18 2012"]
[Site "Maribor SLO"]
[Date "2012.11.15"]
[Round "8.39"]
[White "Hasenohr,B"]
[Black "Jayasundara,P"]
[Result "1-0"]
[WhiteElo "2196"]
[BlackElo "2059"]

1.d4 Nf6 2.c4 e6 3.Nc3 Bb4 4.Qc2 O-O 5.e4 c5 6.a3 cxd4 7.axb4 dxc3 8.bxc3 Qc7
9.c5 d6 10.cxd6 Qxd6 11.Nf3 Nbd7 12.Be2 b6 13.Nd4 Bb7 14.f3 Rfc8 15.Be3 a6
16.O-O e5 17.Nf5 Qxb4 18.Qd2 Qxc3 19.Nd6 Rc7 20.Nxb7 Rxb7 21.Rxa6 Rxa6 22.Bxa6 Ra7
23.Bb5 h6 24.Rd1 Qa3 25.Bc4 Rc7 26.Qe2 b5 27.Bxb5 Rc3 28.Bf2 Rc1 29.Qd2 Rxd1+
30.Qxd1 Nf8 31.Qd8 Kh7 32.Qc7 Qa1+ 33.Bf1 Kg6 34.g3 Ne6 35.Qc8 Kh7 36.Kg2 Qd1
37.Qc3 Qd6 38.Bd3 Nh5 39.Be3 g6 40.Qd2 Nc5 41.Bc4 Qxd2+ 42.Bxd2 Kg8 43.Bxh6 Ng7
44.Bd2 Nce6 45.Bc3 f6 46.f4 exf4 47.Bxf6 f3+ 48.Kxf3 Kf8 49.Kg4 Ne8 50.Bc3 Ke7
51.Bxe6 Kxe6 52.Kg5 Kf7 53.Be5 Ke6 54.Bb2 Kf7 55.Kf4 Ke6 56.h4 Nd6 57.g4 Nc4
58.Bd4 Nd6 59.Kg5 Kf7 60.e5 Nb5 61.Bb6 Nc3 62.e6+ Kg7 63.Bd4+  1-0

[Event "TCh-AUT 2 East 2012-13"]
[Site "Austria AUT"]
[Date "2012.11.17"]
[Round "3.2"]
[White "Fodor,T jr"]
[Black "Menezes,Chr"]
[Result "1-0"]
[WhiteElo "2503"]
[BlackElo "2303"]

1.d4 Nf6 2.c4 e6 3.Nc3 Bb4 4.Qc2 O-O 5.e4 d6 6.e5 Nfd7 7.Nf3 f5 8.exf6 Nxf6
9.Bd3 e5 10.dxe5 dxe5 11.O-O Bxc3 12.bxc3 Nc6 13.Ba3 Re8 14.Ng5 e4 15.Nxe4 Nxe4
16.Bxe4 Qh4 17.Rae1 Be6 18.Re3 Rad8 19.Rfe1 Ne5 20.Bf5 Bxf5 21.Qxf5 g6 22.Qc2 Qg4
23.Kh1 Kf7 24.h3 Qf4 25.Qe2 Nd3 26.Re7+ Kf6 27.Rxe8 Rxe8 28.Be7+ Kf7 29.Qe6+ Kg7
30.Re3 Qxf2 31.Bf6+ Qxf6 32.Qxf6+  1-0

[Event "22nd World Seniors Open"]
[Site "Kamena Vourla GRE"]
[Date "2012.11.17"]
[Round "5.12"]
[White "Kakageldyev,A"]
[Black "Skalkotas,N"]
[Result "1-0"]
[WhiteElo "2375"]
[BlackElo "2177"]

1.d4 Nf6 2.c4 e6 3.Nc3 Bb4 4.Qc2 O-O 5.a3 Bxc3+ 6.Qxc3 Ne4 7.Qc2 f5 8.e3 b6
9.Ne2 Bb7 10.Ng3 Qh4 11.Nxe4 fxe4 12.g3 Qg4 13.Bg2 d6 14.O-O Nd7 15.b4 Nf6
16.Bb2 Rf7 17.Rad1 Raf8 18.a4 Qh5 19.Rd2 Ng4 20.h3 Nf6 21.Qd1 Qg6 22.b5 h5
23.c5 Bd5 24.cxd6 cxd6 25.Ba3 Rd8 26.Qe2 Nh7 27.h4 Nf6 28.Bh3 Ne8 29.Rc1 Rf3
30.Rdc2 Qf6 31.Rc8 Kf7 32.Rxd8 Qxd8 33.Bg2 Rf5 34.Qc2 Qf6 35.Rf1 g5 36.Bxe4 gxh4
37.Bxf5 exf5 38.Qe2 Qg6 39.f3 hxg3 40.e4 Be6 41.d5 Bd7 42.e5 dxe5 43.Qxe5 Qf6
44.Re1 Qh4 45.Qe7+  1-0

[Event "WY BU18 2012"]
[Site "Maribor SLO"]
[Date "2012.11.17"]
[Round "10.25"]
[White "Kokotovic,A"]
[Black "Druska,J"]
[Result "0-1"]
[WhiteElo "2062"]
[BlackElo "2310"]

1.d4 Nf6 2.c4 e6 3.Nc3 Bb4 4.Qc2 O-O 5.a3 Bxc3+ 6.Qxc3 Ne4 7.Qc2 f5 8.e3 b6
9.Ne2 Bb7 10.f3 Qh4+ 11.g3 Qe7 12.Bg2 Nf6 13.O-O d6 14.e4 fxe4 15.fxe4 e5
16.d5 Bc8 17.Nc3 h6 18.Kh1 Ng4 19.Rxf8+ Qxf8 20.Kg1 Qf7 21.h3 Nf6 22.Be3 a5
23.Rf1 Na6 24.g4 Qg6 25.Ne2 Nc5 26.b4 axb4 27.axb4 Nb7 28.Ng3 Ra3 29.Qd2 Nd8
30.Nf5 Bxf5 31.Rxf5 Ra1+ 32.Kh2 Nf7 33.Qb2 Ra8 34.c5 h5 35.cxb6 cxb6 36.gxh5 Nxh5
37.Qf2 b5 38.Qf3 Nf6 39.Qg3 Qxg3+ 40.Kxg3 Ra3 41.Kf2 Ra2+ 42.Kg1 Rb2 43.Rf2 Rxb4
44.Bd2 Ra4 45.Re2 Nd8 46.Bg5 Nb7 47.Rb2 Nc5 48.Rxb5 Ncxe4 49.Be3 Nc3 50.Rb8+ Kf7
51.Rb7+ Kg6 52.Rb6 Nce4 53.Rc6 Kf5 54.Bb6 Ra1+ 55.Kh2 Rd1 56.Rc4 Rxd5 57.Be3 Rd3
58.Bg1 Rd2 59.Ra4 d5 60.Be3 Re2 61.Bb6 Nh5 62.Kg1 Nf4 63.Bf1 Rb2 64.Be3 Ng5
65.Bxf4 Nf3+ 66.Kh1 exf4 67.Bg2 Rb1+ 68.Bf1 Rxf1+ 69.Kg2 Rg1+ 70.Kxf3 Rg3+  0-1

[Event "WY GU18 2012"]
[Site "Maribor SLO"]
[Date "2012.11.17"]
[Round "10.9"]
[White "Baraeva,M"]
[Black "Hakimifard,G"]
[Result "1/2-1/2"]
[WhiteElo "2161"]
[BlackElo "2274"]

1.d4 Nf6 2.c4 e6 3.Nc3 Bb4 4.Qc2 O-O 5.e4 d6 6.a3 Bxc3+ 7.bxc3 Nbd7 8.Bd3 c5
9.Ne2 Qc7 10.O-O b5 11.dxc5 bxc4 12.Bxc4 Nxc5 13.Bd3 Bb7 14.f3 Nfd7 15.Bf4 Ne5
16.Bxe5 dxe5 17.Kh1 Rfd8 18.Rfd1 Bc6 19.Bc4 Rxd1+ 20.Qxd1 Ba4 21.Qb1 Rb8
22.Qa2 Qb6 23.h3 h6 24.Kh2 Kh7 25.Nc1 Qd6 26.Rb1 Rc8 27.Rb2 Qd1 28.Ne2 Rd8
29.Rb1 Qd6 30.Nc1 Qe7 31.Nb3 Nxb3 32.Bxb3 Qg5 33.Rg1 Rd2 34.Qb1 Bc6 35.Kh1 Qe3
36.Qc1 Qe2 37.Bc4 Qe3 38.Bb3 a5 39.a4 Qe2 40.Bc4 Qe3 41.Bb5 Ba8 42.Qa3 Rc2
43.Qf8 Rc1 44.Rxc1 Qxc1+ 45.Kh2 Qf4+ 46.Kg1 Qc1+ 47.Kh2 Qf4+ 48.Kg1  1/2-1/2

[Event "WY BU14 2012"]
[Site "Maribor SLO"]
[Date "2012.11.17"]
[Round "10.34"]
[White "Novakovic,Julian"]
[Black "Arcuti,Davide"]
[Result "1-0"]
[WhiteElo "1812"]
[BlackElo "2055"]

1.d4 Nf6 2.c4 e6 3.Nc3 Bb4 4.Qc2 O-O 5.e4 d5 6.e5 Ne4 7.Bd3 c5 8.Ne2 cxd4
9.Nxd4 Nd7 10.Bf4 Ndc5 11.O-O Bxc3 12.bxc3 b6 13.Nc6 Qd7 14.cxd5 exd5 15.Nd4 Qg4
16.Be3 Nxd3 17.Qxd3 Nc5 18.Qd1 Qg6 19.f4 Qe4 20.Qf3 Ba6 21.Rfd1 Rac8 22.Rac1 Na4
23.Bd2 Qxf3 24.gxf3 Nb2 25.Re1 Nd3 26.Rb1 Nxe1 27.Rxe1 Bc4 28.a3 g6 29.f5 Bd3
30.f6 Rfe8 31.Re3 Bf5 32.f4 a6 33.Rg3 Kh8 34.h4 Rc4 35.h5 Rxd4 36.cxd4 Rc8
37.hxg6 hxg6 38.Bb4 Rc1+ 39.Kf2 a5 40.Bf8 Kg8 41.Bg7 Rc2+ 42.Ke1 a4 43.Kd1 Kh7
44.Rg1 Rh2 45.Rg3 Rc2 46.Rg5 Ra2 47.Kc1 b5 48.Rg3 Rc2+ 49.Kd1 Kg8 50.Rh3 Bxh3
51.Kxc2 b4 52.axb4 Bf1 53.Kb2 Bb5 54.Bh6 Kh7 55.e6 Be8 56.b5 fxe6 57.b6  1-0

[Event "22nd World Seniors Open"]
[Site "Kamena Vourla GRE"]
[Date "2012.11.18"]
[Round "6.5"]
[White "Timoscenko,G"]
[Black "Suba,M"]
[Result "1/2-1/2"]
[WhiteElo "2490"]
[BlackElo "2418"]

1.d4 Nf6 2.c4 e6 3.Nc3 Bb4 4.Qc2 O-O 5.a3 Bxc3+ 6.Qxc3 h6 7.Nf3 b6 8.e3 Bb7
9.Be2 d6 10.O-O Nbd7 11.b4 Qe7 12.Bb2 Rfc8 13.Rfd1 a5 14.d5 e5 15.Nd2 c6
16.dxc6 Bxc6 17.Qb3 Qe6 18.Rdc1 Ne4 19.Nxe4 Bxe4 20.Qd1 Qe7 21.Qd2 axb4 22.axb4 Nf6
23.Rd1 Ne8 24.f3 Bf5 25.Rxa8 Rxa8 26.Ra1 Rxa1+ 27.Bxa1 Qa7 28.Bc3 Be6  1/2-1/2

[Event "WY BU14 2012"]
[Site "Maribor SLO"]
[Date "2012.11.18"]
[Round "11.40"]
[White "Arcuti,Davide"]
[Black "Lee,Deon"]
[Result "1-0"]
[WhiteElo "2055"]
[BlackElo "1842"]

1.d4 Nf6 2.c4 e6 3.Nc3 Bb4 4.Qc2 O-O 5.a3 Bxc3+ 6.Qxc3 Ne4 7.Qc2 f5 8.Nf3 b6
9.g3 Bb7 10.Bg2 d6 11.Ng5 Qf6 12.O-O d5 13.Nxe4 dxe4 14.e3 Nd7 15.b4 g5 16.f4 g4
17.Bb2 Qg6 18.Rfd1 h5 19.Rac1 c6 20.a4 Rf7 21.b5 c5 22.d5 exd5 23.cxd5 Rh7
24.d6 h4 25.Bf1 hxg3 26.hxg3 Qh5 27.Qg2 a6 28.Kf2 Qh2 29.Bc4+ Kf8 30.Rh1 Qxg2+
31.Kxg2 Rh3 32.Rxh3 gxh3+ 33.Kxh3 Ke8 34.g4 fxg4+ 35.Kxg4 axb5 36.Bxb5 Ba6
37.Bc6 Rc8 38.Bxe4 Be2+ 39.Kg5 c4 40.Bg6+ Kd8 41.Rh1 Rc5+ 42.f5 Kc8 43.Rh8+ Kb7
44.Rh7 Kc8 45.Be8 Nf8 46.Rf7 Ne6+ 47.Kf6 c3 48.Bd7+ Kb8 49.Bc1 Nd8 50.Rf8 Rd5
51.Rxd8+  1-0

[Event "38th ch-BAN 2012"]
[Site "Dhaka BAN"]
[Date "2012.11.20"]
[Round "12.1"]
[White "Ahmed,J BAN"]
[Black "Minhazuddin,A"]
[Result "0-1"]
[WhiteElo "2155"]
[BlackElo "2408"]

1.d4 Nf6 2.c4 e6 3.Nc3 Bb4 4.Qc2 O-O 5.a3 Bxc3+ 6.Qxc3 Ne4 7.Qc2 f5 8.e3 b6
9.Ne2 Bb7 10.f3 Nf6 11.Nc3 c5 12.dxc5 bxc5 13.b4 d5 14.cxd5 cxb4 15.axb4 Nxd5
16.Nxd5 Bxd5 17.Rb1 Nc6 18.b5 Ne5 19.Qa4 f4 20.Be2 Qg5 21.O-O fxe3 22.Kh1 Rf6
23.Qd4 Rg6 24.g3 Qh5 25.Qxe3 Rxg3 26.Qf2 Rxf3 27.Bxf3 Nxf3 28.h4 Qg4 29.Bf4 Ng1+
30.Kh2 Qh3+  0-1

[Event "22nd World Seniors Open"]
[Site "Kamena Vourla GRE"]
[Date "2012.11.21"]
[Round "8.8"]
[White "Timoscenko,G"]
[Black "Gamboa,A"]
[Result "1-0"]
[WhiteElo "2490"]
[BlackElo "2174"]

1.d4 Nf6 2.c4 e6 3.Nc3 Bb4 4.Qc2 O-O 5.a3 Bxc3+ 6.Qxc3 b5 7.cxb5 c6 8.f3 cxb5
9.e4 Qb6 10.Be3 Ba6 11.b4 Rc8 12.Qd2 Qc7 13.Bd3 d6 14.Ne2 Nbd7 15.a4 Nb6
16.axb5 Bb7 17.Rc1 Qe7 18.O-O d5 19.Bg5 Qf8 20.Bxf6 gxf6 21.Ng3 Qg7 22.e5 Qg5
23.Qxg5+ fxg5 24.Nh5 Nd7 25.Nf6+ Nxf6 26.exf6 h6 27.Rc5 Kf8 28.Rfc1 Ke8 29.f4 Kd7
30.Kf2 Kd6 31.Rxc8 Rxc8 32.Rxc8 Bxc8 33.Kf3 Bd7 34.fxg5 hxg5 35.Kg4 e5+ 36.Kxg5 e4
37.Be2  1-0

[Event "48th American Open"]
[Site "Anaheim USA"]
[Date "2012.11.22"]
[Round "1"]
[White "Remlinger,L"]
[Black "Viswanadha,Kesav"]
[Result "1-0"]
[WhiteElo "2328"]
[BlackElo "2130"]

1.d4 Nf6 2.c4 e6 3.Nc3 Bb4 4.Qc2 O-O 5.a3 Bxc3+ 6.Qxc3 d5 7.Nf3 dxc4 8.Qxc4 b6
9.Bg5 Ba6 10.Qa4 c5 11.dxc5 bxc5 12.Rc1 Qb6 13.Bxf6 gxf6 14.Rc2 Rd8 15.e3 Bxf1
16.Rxf1 Nc6 17.Ke2 Na5 18.Nd2 Qd6 19.Rfc1 Nb7 20.Qg4+ Kh8 21.Qh4 Qd3+ 22.Ke1 Qg6
23.Ne4 f5 24.Nxc5 Nxc5 25.Rxc5 Qxg2 26.Rc7 Qg7 27.b4 Qb2 28.R7c3 Qd2+ 29.Kf1 Qd6
30.e4 Qd4 31.Rh3 Qg7 32.exf5 exf5 33.Rg3 Qe5 34.Re1 Qd6 35.Qe7 Qxe7 36.Rxe7 a5
37.Rxf7 axb4 38.axb4 Rdb8 39.Rgg7 Rxb4 40.Rxh7+ Kg8 41.Rfg7+ Kf8 42.Rf7+ Kg8
43.Rhg7+ Kh8 44.Rg3 Rh4 45.Kg2 f4 46.Rg5 Ra3 47.Rf8+ Kh7 48.Rgg8 Rah3 49.Rh8+ Kg6
50.Rhg8+ Kh7 51.Rh8+ Kg6 52.Rfg8+ Kf5 53.Rxh4 Rxh4 54.f3 Rh5 55.Rg4 Rg5 56.h3 Rg6
57.Kf2 Ra6 58.h4 Rg6 59.Rxg6 Kxg6 60.Ke2 Kh5 61.Kd3 Kxh4 62.Kd4 Kh3 63.Ke5 Kg3
64.Ke4 Kh4 65.Kxf4 Kh5 66.Kf5 Kh6 67.Kf6 Kh7 68.f4  1-0

[Event "35th ch-GRE w 2012"]
[Site "Athens GRE"]
[Date "2012.11.25"]
[Round "2"]
[White "Pavlidou,E"]
[Black "Makka,I"]
[Result "1-0"]
[WhiteElo "2185"]
[BlackElo "2119"]

1.d4 Nf6 2.c4 e6 3.Nc3 Bb4 4.Qc2 O-O 5.e4 d5 6.e5 Ne4 7.Bd3 c5 8.Ne2 cxd4
9.Nxd4 Nd7 10.cxd5 exd5 11.f4 Ndc5 12.O-O Bxc3 13.bxc3 Nxd3 14.Qxd3 Qc7 15.Ba3 Rd8
16.Rac1 Qa5 17.Be7 Re8 18.Bb4 Qxa2 19.c4 a5 20.Be1 Nc5 21.Qe3 dxc4 22.Bc3 Qa4
23.f5 Qd7 24.Rce1 Nd3 25.e6 fxe6 26.fxe6 Qd6 27.Rf7 g6 28.Qh6  1-0

[Event "British Rapidplay"]
[Site "Leeds ENG"]
[Date "2012.11.25"]
[Round "8.1"]
[White "Gordon,S"]
[Black "Wells,P"]
[Result "1-0"]
[WhiteElo "2533"]
[BlackElo "2488"]

1.d4 Nf6 2.c4 e6 3.Nc3 Bb4 4.Qc2 O-O 5.a3 Bxc3+ 6.Qxc3 b6 7.Bg5 Bb7 8.f3 h6
9.Bh4 d5 10.e3 Re8 11.cxd5 exd5 12.Bf2 c5 13.Bb5 cxd4 14.Qxd4 Bc6 15.Bd3 Nbd7
16.Ne2 Nc5 17.Rd1 Qd7 18.b4 Nxd3+ 19.Rxd3 Bb5 20.Rd2 Rac8 21.O-O Bxe2 22.Rxe2 Rc4
23.Qd3 Rec8 24.Rd1 Qa4 25.Be1 Rc1 26.Rxc1 Rxc1 27.Kf2 Qc6 28.g4 Rc4 29.Kg2 Qe6
30.Bg3 h5 31.g5 Nd7 32.Rd2 h4 33.Bf4 Ne5 34.Qxd5 Qxd5 35.Rxd5 Rc2+ 36.Kh3 Nxf3
37.Rd8+ Kh7 38.Rd7 Kg6 39.Kg4 Nxh2+ 40.Kxh4 Nf3+ 41.Kg3 Nxg5 42.Rxa7 Ne4+
43.Kh3 Nf2+ 44.Kh4 Ne4 45.Rb7 f6 46.Rxb6 Kh7 47.Rb7 Kg6 48.a4 Rb2 49.a5 Kf5  1-0

[Event "3rd Thanksgiving Open"]
[Site "Saint Louis USA"]
[Date "2012.11.25"]
[Round "5"]
[White "Aripov,I"]
[Black "Neimer,V"]
[Result "1/2-1/2"]
[WhiteElo "2162"]
[BlackElo "2411"]

1.d4 Nf6 2.c4 e6 3.Nc3 Bb4 4.Qc2 O-O 5.a3 Bxc3+ 6.Qxc3 b5 7.cxb5 c6 8.Bg5 cxb5
9.Nf3 Bb7 10.e3 h6 11.Bxf6 Qxf6 12.Be2 Rc8 13.Qb4 a6 14.O-O Nc6 15.Qd2 d6
16.Rac1 Rc7 17.Rc3 Rac8 18.Rfc1 Qd8 19.Ne1 Ne7 20.Rxc7 Rxc7 21.Qa5 Nd5 22.Rxc7  1/2-1/2

[Event "3rd Thanksgiving Open"]
[Site "Saint Louis USA"]
[Date "2012.11.26"]
[Round "6.8"]
[White "Steiner,Ti"]
[Black "Kavutskiy,K"]
[Result "0-1"]
[WhiteElo "2109"]
[BlackElo "2301"]

1.d4 Nf6 2.c4 e6 3.Nc3 Bb4 4.Qc2 O-O 5.Bg5 d5 6.e3 h6 7.Bxf6 Qxf6 8.Nf3 c6
9.Be2 Nd7 10.a3 Bd6 11.O-O Qe7 12.e4 dxe4 13.Qxe4 e5 14.dxe5 Nxe5 15.Rad1 Bc7
16.Rfe1 Re8 17.Nxe5 Qxe5 18.Qxe5 Rxe5 19.Bf1 Rxe1 20.Rxe1 Be6 21.Rd1 Be5
22.g3 g5 23.f3 Kf8 24.Rd2 Ke7 25.Ne4 b6 26.b3 f5 27.Nf2 Rd8 28.Rd3 a5 29.a4 Rd4
30.Kg2 Kd6 31.Rxd4+ Bxd4 32.Nd3 b5  0-1

[Event "CCSCSL GM Inv"]
[Site "Saint Louis USA"]
[Date "2012.11.30"]
[Round "8.3"]
[White "Sarkar,J"]
[Black "Yang,Dar"]
[Result "1/2-1/2"]
[WhiteElo "2414"]
[BlackElo "2493"]

1.d4 Nf6 2.c4 e6 3.Nc3 Bb4 4.Qc2 O-O 5.a3 Bxc3+ 6.Qxc3 b5 7.cxb5 c6 8.Bg5 cxb5
9.e3 Bb7 10.Nf3 h6 11.Bh4 a6 12.Bd3 d6 13.O-O Nbd7 14.Qb4 Qb6 15.Bg3 Be4
16.Be2 Rfc8 17.Rfc1 Ne8 18.Ne1 Rxc1 19.Rxc1 Bb7 20.f3 Rc8 21.Rxc8 Bxc8 22.e4 Bb7
23.Kf1 Qc6 24.Qa5 Nb6 25.b3 f5 26.d5 Qc7 27.dxe6 fxe4 28.fxe4 Nd5 29.Qxc7 Ndxc7
30.e5 dxe5 31.Bxe5 Nxe6 32.Bf3 Bxf3 33.Nxf3 Kf7 34.Ke2 Nc5 35.Nd4 Nf6 36.Kf3 Nfd7
37.Bd6 Kf6 38.b4 Ne6 39.Ke4 Nxd4 40.Kxd4 Ke6 41.Bc7 g6 42.Bf4 h5 43.g3 Kf5
44.h4 Nb6 45.Kc5 Na4+ 46.Kc6 Ke4 47.Kb7 Kd5 48.Kxa6 Kc6 49.Be5 Nb6 50.Bd4 Nc4
51.a4 bxa4 52.b5+ Kd5 53.b6 Nxb6 54.Bxb6 a3 55.Ba5 a2 56.Bc3 Ke4 57.Kb5 Kf3
58.Be5 Ke4 59.Bf6 Kf3 60.Be5  1/2-1/2

[Event "TCh-AUT 2 East 2012-13"]
[Site "Austria AUT"]
[Date "2012.12.01"]
[Round "5.2"]
[White "Menezes,Chr"]
[Black "Lendwai,R"]
[Result "0-1"]
[WhiteElo "2303"]
[BlackElo "2379"]

1.d4 Nf6 2.c4 e6 3.Nc3 Bb4 4.Qc2 O-O 5.a3 Bxc3+ 6.Qxc3 b6 7.Bg5 Bb7 8.e3 d6
9.Ne2 Nbd7 10.Qc2 h6 11.Bh4 c5 12.dxc5 bxc5 13.Nc3 Qb6 14.Be2 d5 15.O-O d4
16.exd4 cxd4 17.Na4 Qc7 18.b4 e5 19.f3 Nd5 20.Rfc1 Nf4 21.Bf1 f5 22.c5 Bd5
23.Bf2 Qc6 24.Nb2 Qg6 25.Bg3 Nh5 26.Bc4 Bxc4 27.Qxc4+ Kh7 28.Bh4 e4 29.Qxd4 exf3
30.g3 f4 31.Qf2 fxg3 32.Bxg3 Ne5 33.Qc2 Rf5  0-1

[Event "TCh-CZE Extraliga 2012-13"]
[Site "Czech Republic CZE"]
[Date "2012.12.01"]
[Round "3.6"]
[White "Michenka,J"]
[Black "Hinks Edwards,T"]
[Result "1-0"]
[WhiteElo "2352"]
[BlackElo "2414"]

1.d4 e6 2.c4 Nf6 3.Nc3 Bb4 4.Qc2 O-O 5.a3 Bxc3+ 6.Qxc3 b6 7.Nf3 Bb7 8.g3 d6
9.Bg2 Nbd7 10.O-O Qe7 11.b4 c5 12.Bb2 Rac8 13.Rfd1 d5 14.dxc5 bxc5 15.cxd5 Bxd5
16.b5 Ra8 17.a4 a6 18.bxa6 Rxa6 19.a5 Rfa8 20.Nd2 Qd8 21.e4 Bc6 22.Nb3 Qb8
23.Rxd7 Bxd7 24.Nxc5 R6a7 25.e5 Ne8 26.Bxa8 Qxa8 27.Nxd7 Rxd7 28.Ba3 h6 29.Bc5 Nc7
30.Qa3 Qa6 31.Qb4 Nd5 32.Qb8+ Kh7 33.Qb1+ Kg8 34.Qf1 Qc6 35.Rc1 Qa4 36.a6 Kh7
37.a7 Rd8 38.Qc4 Qa5 39.Bd4 Qd2 40.Qc2+ Qxc2 41.Rxc2  1-0

[Event "Lleida IM Closed 2012"]
[Site "Lleida ESP"]
[Date "2012.12.07"]
[Round "3.1"]
[White "Monell Camarasa,D"]
[Black "Baches Garcia,G"]
[Result "1/2-1/2"]
[WhiteElo "2259"]
[BlackElo "2403"]

1.d4 Nf6 2.c4 e6 3.Nc3 Bb4 4.Qc2 O-O 5.e4 d5 6.e5 Ne4 7.Bd3 c5 8.Nf3 cxd4
9.Nxd4 Nd7 10.cxd5 exd5 11.f4 Ndc5 12.O-O Bxc3 13.bxc3 Bd7 14.Bxe4 Nxe4 15.Qb3 Qa5
16.c4 dxc4 17.Qxc4 Rac8 18.Qd3 Qd5 19.Bb2 Nc5 20.Qf3 Qxf3 21.Rxf3 Rfd8 22.Re1 Ne6
23.Rf2 Nxd4 24.Bxd4 b6 25.h3 Rc4 26.Be3 Bf5 27.Rc1 Rxc1+ 28.Bxc1 h5 29.Rd2 Rc8
30.Bb2 Rc4 31.Rf2 Kh7 32.Kh2 Kg6 33.Kg3 b5 34.Kh4 Kh6 35.g4 Rxf4 36.Rxf4 g5+
37.Kg3 gxf4+ 38.Kxf4 Be6 39.a3 hxg4 40.hxg4 Kg6 41.Bd4 a5 42.Bc3 a4 43.Bb4 Bd7
44.Be7 Be6 45.Kg3 Bc4 46.Kf4 Bb3 47.Kg3 Bc4 48.Kf4 Be6 49.Kg3  1/2-1/2

[Event "Lleida IM Closed 2012"]
[Site "Lleida ESP"]
[Date "2012.12.09"]
[Round "6.4"]
[White "Monell Camarasa,D"]
[Black "Trepat Herranz,J"]
[Result "1-0"]
[WhiteElo "2259"]
[BlackElo "2281"]

1.d4 Nf6 2.c4 e6 3.Nc3 Bb4 4.Qc2 O-O 5.e4 d5 6.e5 Ne4 7.Bd3 c5 8.Nf3 cxd4
9.Nxd4 Nd7 10.Bf4 Qh4 11.g3 Qh5 12.f3 Bc5 13.Nce2 Bb4+ 14.Nc3 Bxc3+ 15.bxc3 Nec5
16.Be2 dxc4 17.Bxc4 Nxe5 18.g4 Qh4+ 19.Bg3 Qf6 20.Be2 Ned7 21.Bd6 Qh4+ 22.Kf1 Re8
23.Nb5 Na6 24.Bg3 Qh3+ 25.Kf2 Ndc5 26.Nd6 Rd8 27.Rad1 Bd7 28.Nxb7 Nxb7 29.Bxa6 Nc5
30.Bf1 Qh6 31.Rd4 Ba4 32.Qb2 Qf6 33.g5 Qf5 34.Kg2 Bc6 35.Be2 e5 36.Rxd8+ Rxd8
37.Rd1 Re8 38.Rd6 Rc8 39.Qd2 Ne6 40.Qe3 Nxg5 41.h4 Ne6 42.Qxe5 Qxe5 43.Bxe5 Kf8
44.Ba6  1-0